Statistics for Best Actors Top 5 Movies

Click here to take the quiz!

General Stats

  • This quiz has been taken 259 times
    (240 since last reset)
  • The average score is 26 of 61

Answer Stats

Country% Correct
The Godfather
94%
Forrest Gump
93%
The Silence of the Lambs
79%
Titanic
79%
The Godfather Part II
76%
The Godfather Part II
76%
The Dark Knight
72%
Philadelphia
68%
Training Day
68%
Philadelphia
68%
Taxi Driver
66%
The Revenant
65%
The Shining
65%
One Flew Over the Cuckoo's Nest
64%
Scarface
64%
Lincoln
62%
Raging Bull
58%
Rain Man
58%
Goodfellas
58%
Scent of a Woman
56%
There Will Be Blood
56%
Cast Away
53%
The Wolf of Wall Street
53%
The Departed
51%
My Left Foot
48%
Saving Private Ryan
47%
American Psycho
43%
As Good As It Gets
43%
The Graduate
43%
On the Waterfront
42%
Kramer vs. Kramer
41%
Chinatown
39%
Dog Day Afternoon
39%
Inception
38%
Apocalypse Now
36%
Glory
35%
A Streetcar Named Desire
33%
The Fighter
31%
Tootsie
31%
Malcolm X
29%
Serpico
28%
The Deer Hunter
27%
The Color of Money
26%
Butch Cassidy and the Sundance Kid
25%
Cool Hand Luke
25%
The Prestige
22%
In the Name of the Father
20%
A Few Good Men
19%
The Hustler
19%
American Hustle
18%
Fences
18%
Midnight Cowboy
18%
Phantom Thread
17%
The Remains of the Day
13%
Apollo 13
12%
Last Tango in Paris
11%
The Elephant Man
11%
Nixon
9%
The Verdict
8%
Crimson Tide
3%
Shadowlands
3%

Score Distribution

Percentile by Number Answered

Percent of People with Each Score

Your Score History

You have not taken this quiz since the last reset